[Event "IND-ch U13"]
[Site "Secunderabad"]
[Date "2023.12.07"]
[Round "6"]
[White "Vedant, Garg"]
[Black "Malvin, Joshua"]
[Result "0-1"]
[WhiteElo "1752"]
[BlackElo "1540"]
[PlyCount "96"]
[EventDate "2023.12.04"]
[EventType "swiss"]
[EventRounds "11"]
[EventCountry "IND"]
[SourceTitle "EXT 2025"]
[Source "ChessBase"]
[SourceDate "2024.10.14"]
[SourceVersion "1"]
[SourceVersionDate "2024.10.14"]
[SourceQuality "1"]

1. e4 c6 2. d4 d5 3. exd5 cxd5 4. Bd3 Nc6 5. c3 Nf6 6. Bf4 Bg4 7. Qb3 Qd7 8. Nd2 e6 9. Ngf3 Bd6 10. Bxd6 Qxd6 11. 0-0 0-0 12. Rae1 Bxf3 13. Nxf3 Nd7 14. Qc2 h6 15. Qe2 Rab8 16. a3 a6 17. Ne5 Ncxe5 18. dxe5 Qe7 19. f4 Rfe8 20. Qh5 b5 21. Rf3 Nf8 22. Ree3 f5 23. g4 fxg4 24. Qxg4 Rbd8 25. Rh3 Kh8 26. Reg3 Qf7 27. Rh5 d4 28. Rgh3 Nh7 29. Qh4 Qe7 30. Qxe7 Rxe7 31. c4 bxc4 32. Bxc4 Rc7 33. Bd3 Nf8 34. Rg3 a5 35. Rg2 Rc1+ 36. Kf2 Nd7 37. b4 Rc3 38. Ke2 axb4 39. axb4 Ra8 40. Rg3 Ra2+ 41. Kd1 Nb6 42. Be4 Na4 43. Rhh3 Rxg3 44. Rxg3 Nc3+ 45. Rxc3 dxc3 46. b5 Rb2 47. Bc6 Kg8 48. Bd7 Rd2+ 0-1